| 000 | 00371nam a2200157Ia 4500 | ||
|---|---|---|---|
| 008 | 230917s9999||||xx |||||||||||||| ||und|| | ||
| 040 |
_e106278 _aMAIN |
||
| 041 | _aEnglish | ||
| 082 | _a005.133 N579A | ||
| 100 | _aNiit | ||
| 245 | 0 | _aAdvanced programming in java | |
| 250 | _a1st ed. | ||
| 260 |
_bPrentice hall of india _c2003 |
||
| 300 | _a303p p. | ||
| 942 | _cBK | ||
| 999 |
_c128898 _d128898 |
||